[Event "Mechanics' Leighton Allen TNM; G/2"]
[Site "San Francisco"]
[Date "2015.08.04"]
[Round "1.20"]
[White "Olson, David R"]
[Black "Clemens, Kristian"]
[Result "0-1"]
[WhiteElo "1400"]
[BlackElo "1928"]
[PlyCount "56"]
[EventDate "2015.??.??"]

1. e4 e5 2. Nf3 Nc6 3. c3 Nf6 4. Bc4 Bc5 5. d3 O-O 6. Be3 Bb6 7. a4 d5 8. exd5
Nxd5 9. Bg5 Qd6 10. O-O h6 11. Bh4 Nf4 12. Nbd2 Qg6 13. Bg3 Nxd3 14. b4 Nb2 15.
Qb3 Nxc4 16. Qxc4 Be6 17. Qe2 a6 18. Nxe5 Nxe5 19. Bxe5 Bd5 20. Bg3 Rae8 21.
Qd1 f5 22. Nf3 Be4 23. Ne5 Rxe5 24. a5 Ba7 25. Re1 f4 26. Rxe4 Qxe4 27. Bh4 f3
28. Bg3 fxg2 0-1

[Event "Mechanics' Leighton Allen TNM; G/2"]
[Site "San Francisco"]
[Date "2015.09.29"]
[Round "9.35"]
[White "Olson, David R"]
[Black "Eastham, Asher Dan"]
[Result "1-0"]
[WhiteElo "1400"]
[BlackElo "1462"]
[PlyCount "89"]
[EventDate "2015.??.??"]

1. e4 e5 2. Nf3 Nc6 3. Bc4 Bc5 4. a3 Nf6 5. d3 d6 6. Be3 Bb6 7. O-O Be6 8. Ng5
Bxc4 9. dxc4 O-O 10. Bxb6 axb6 11. Nd2 Nd7 12. Qh5 h6 13. Nh3 Nf6 14. Qh4 Nd4
15. c3 Nc6 16. Rae1 Qd7 17. Re3 Ne7 18. f4 Ng6 19. Qe1 Qe6 20. f5 Qe8 21. fxg6
fxg6 22. Ref3 b5 23. Qh4 g5 24. Nxg5 hxg5 25. Qxg5 Nh7 26. Qh4 Qe6 27. Rxf8+
Rxf8 28. Rxf8+ Nxf8 29. cxb5 d5 30. exd5 Qxd5 31. Qc4 Qxc4 32. Nxc4 Nd7 33. Kf2
Kf7 34. a4 Ke6 35. a5 Nc5 36. b4 Ne4+ 37. Ke3 Nxc3 38. a6 bxa6 39. bxa6 Nb5 40.
Ke4 Nc3+ 41. Kd3 Nb5 42. Na3 Na7 43. Ke4 g6 44. Nc4 Nc6 45. Nxe5 1-0

[Event "Mechanics' Fall TNM; G/2"]
[Site "San Francisco"]
[Date "2015.11.24"]
[Round "6.38"]
[White "Olson, David R"]
[Black "Frank, Robert H"]
[Result "0-1"]
[WhiteElo "1400"]
[BlackElo "1339"]
[PlyCount "94"]
[EventDate "2015.??.??"]

1. Nf3 Nf6 2. c4 c5 3. g3 e6 4. Bg2 d5 5. cxd5 Nxd5 6. Nc3 Nc6 7. Ne4 h6 8. a3
a5 9. Qc2 b6 10. O-O Bb7 11. Rd1 Nf6 12. d3 Nxe4 13. dxe4 Qc7 14. e3 Bd6 15. b3
O-O 16. Bb2 e5 17. Nh4 Ne7 18. Qe2 f6 19. f3 g5 20. Qc4+ Kh7 21. Nf5 Nxf5 22.
exf5 Ba6 23. Qe6 Rad8 24. Rd2 Bc8 25. Qc4 Bxf5 26. g4 Bc8 27. Qd5 Be7 28. Qe4+
Kg7 29. Rad1 Rxd2 30. Rxd2 Rd8 31. Rc2 Bb7 32. Qf5 Bd5 33. b4 axb4 34. axb4 c4
35. Bc3 b5 36. Ra2 Qb6 37. Kf2 Qe6 38. Ra5 Qxf5 39. gxf5 Bc6 40. e4 h5 41. h3
h4 42. Ra7 Kf7 43. Ra6 Be8 44. Ra7 Rd1 45. Ra2 Rb1 46. Rb2 Rxb2+ 47. Bxb2 Bxb4
0-1

[Event "Mechanics' Leighton Allen TNM; G/2"]
[Site "San Francisco"]
[Date "2015.09.08"]
[Round "6.37"]
[White "Olson, David R"]
[Black "Nassif, Wassim J"]
[Result "0-1"]
[WhiteElo "1400"]
[BlackElo "1217"]
[Annotator "Donaldson"]
[PlyCount "72"]
[EventDate "2015.??.??"]

1. e4 e5 2. Bc4 Nf6 3. d3 d5 4. exd5 Nxd5 5. a3 Bc5 6. Nf3 O-O 7. Bg5 f6 8. Bh4
Bg4 9. Nc3 c6 10. Ne4 Be7 11. O-O f5 12. Bxe7 Qxe7 13. Ng3 e4 $2 (13... Nd7)
14. dxe4 fxe4 15. Bxd5+ cxd5 16. Qxd5+ Qe6 17. Qxb7 (17. Qxe6+ Bxe6 18. Nxe4) (
17. Qxe4 Qxe4 18. Nxe4 Bxf3 19. gxf3 Rxf3) 17... Nc6 18. Ng5 Rfb8 19. Nxe6 (19.
Qxb8+ Rxb8 20. Nxe6) 19... Rxb7 20. Nc5 Rxb2 21. Ncxe4 Rxc2 22. Rac1 Nd4 23.
Rxc2 Nxc2 24. h3 Bd7 25. Nc5 Bb5 26. a4 $2 (26. Rb1 $16) 26... Bxf1 27. Kxf1
Re8 28. f3 Re1+ 29. Kf2 Ra1 30. Nge4 Nd4 31. Nc3 Rc1 32. N5e4 a5 33. h4 Ne6 34.
Ke3 Nc5 35. h5 Nxe4 36. fxe4 (36. Nxe4 Rc4) 36... Rxc3+ 0-1

[Event "Mechanics' Leighton Allen TNM; G/2"]
[Site "San Francisco"]
[Date "2015.09.15"]
[Round "7.38"]
[White "Olson, David R"]
[Black "Otterbach, Renate"]
[Result "0-1"]
[WhiteElo "1400"]
[BlackElo "1063"]
[Annotator "Donaldson"]
[PlyCount "46"]
[EventDate "2015.??.??"]

1. c4 e5 2. Nc3 Nf6 3. g3 Bc5 4. e3 d5 5. cxd5 Nxd5 6. Bg2 Be6 7. Nge2 c6 8.
O-O Nd7 9. a3 (9. d4 exd4 10. Nxd4 Bxd4 11. Qxd4 N7f6) 9... a5 10. b3 (10. d4)
10... O-O 11. Ne4 Be7 12. Bb2 f5 13. N4c3 Qb6 14. Na4 Qc7 15. d4 e4 16. Rc1
N7f6 17. Nc5 Bf7 18. Bh3 Ng4 19. Qd2 b6 20. b4 $4 (20. Na4) 20... bxc5 21. bxc5
Rab8 22. a4 Rb4 23. Qd1 $2 Rxb2 0-1

[Event "Mechanics' Fall TNM; G/2"]
[Site "San Francisco"]
[Date "2015.10.27"]
[Round "2.32"]
[White "Olson, David R"]
[Black "Rakonitz, David"]
[Result "0-1"]
[WhiteElo "1400"]
[BlackElo "1628"]
[PlyCount "108"]
[EventDate "2015.??.??"]

1. Nf3 Nf6 2. c4 e6 3. g3 d5 4. cxd5 exd5 5. Bg2 Be7 6. d4 O-O 7. O-O c6 8. Nc3
Bf5 9. Nh4 Be6 10. f4 Ne8 11. Nf3 Nd6 12. Qc2 Bf5 13. Qd2 h6 14. b3 Ne4 15.
Nxe4 Bxe4 16. a4 Na6 17. Ba3 Re8 18. Bxe7 Qxe7 19. Ra2 Qb4 20. Qxb4 Nxb4 21.
Rb2 Nc2 22. Rc1 Ne3 23. Bh3 Bf5 24. Bxf5 Nxf5 25. Kf2 Re4 26. Rc3 Nxd4 27. Nxd4
Rxd4 28. Re3 Kf8 29. Re5 Re8 30. Rxe8+ Kxe8 31. e3 Re4 32. b4 Kd7 33. g4 g6 34.
h4 Ke6 35. a5 a6 36. Kf3 f5 37. g5 h5 38. Rb3 Rc4 39. Rb1 Rc2 40. Rb3 Rh2 41.
Kg3 Rh1 42. Rb2 Rc1 43. Rb3 Kd6 44. Rb2 Rc4 45. Rb3 Kc7 46. Rb2 b6 47. Rb3 bxa5
48. bxa5 Ra4 49. Rb1 Rxa5 50. Rb2 Ra4 51. Rb1 a5 52. Rb2 Rb4 53. Ra2 Kb6 54.
Ra1 Kb5 0-1

[Event "Mechanics' Fall TNM; G/2"]
[Site "San Francisco"]
[Date "2015.12.15"]
[Round "9.33"]
[White "Olson, David R"]
[Black "Tan, Jacky T"]
[Result "0-1"]
[WhiteElo "1400"]
[BlackElo "1112"]
[PlyCount "48"]
[EventDate "2015.??.??"]

1. e4 e6 2. d4 d5 3. Nc3 Bb4 4. e5 Ne7 5. Bd2 c5 6. Nf3 Nbc6 7. Nb5 Bxd2+ 8.
Qxd2 Nf5 9. dxc5 a6 10. Nd6+ Nxd6 11. cxd6 f6 12. exf6 Qxf6 13. O-O-O O-O 14.
Bd3 e5 15. Bxh7+ Kxh7 16. Qxd5 Be6 17. Qe4+ Kg8 18. h4 Rad8 19. Ng5 Bf5 20.
Qd5+ Kh8 21. Rhe1 Bxc2 22. Rd2 Bf5 23. Re3 Nb4 24. Rxe5 Nxd5 0-1

[Event "Mechanics' Leighton Allen TNM; G/2"]
[Site "San Francisco"]
[Date "2015.08.25"]
[Round "4.35"]
[White "Olson, David R"]
[Black "Tan, Jacky T"]
[Result "0-1"]
[WhiteElo "1400"]
[BlackElo "1112"]
[PlyCount "52"]
[EventDate "2015.??.??"]

1. e4 c5 2. Nf3 d6 3. Bc4 Nc6 4. Nc3 Nf6 5. h3 e6 6. O-O a6 7. a3 Be7 8. d4
cxd4 9. Nxd4 O-O 10. Re1 Re8 11. b4 Qc7 12. Re3 Nxb4 13. Bxe6 Bxe6 14. Nxe6
fxe6 15. axb4 Qc4 16. Na4 Qb5 17. Ba3 $2 Qxa4 18. Bb2 Qxb4 19. Ba3 Qc4 20. e5
dxe5 21. Bb2 Rad8 22. Qe1 Qxc2 23. Bxe5 Rc8 24. Rd1 Nd5 25. Rg3 g6 26. Kh2 b5
0-1

[Event "Mechanics' Fall TNM; G/2"]
[Site "San Francisco"]
[Date "2015.12.01"]
[Round "7.10"]
[White "Ortega, Bill"]
[Black "Maser, Thomas F"]
[Result "1-0"]
[WhiteElo "2077"]
[BlackElo "1923"]
[PlyCount "59"]
[EventDate "2015.??.??"]

1. e4 e5 2. Nf3 Nc6 3. d4 exd4 4. Bc4 Nf6 5. e5 d5 6. Bb5 Ne4 7. Nxd4 Bd7 8.
Bxc6 bxc6 9. O-O Bc5 10. f3 Ng5 11. f4 Ne4 12. Be3 Qe7 13. Nd2 f5 14. Nxe4 fxe4
15. Qd2 O-O 16. Nb3 Bb6 17. Qc3 Rab8 18. Nc5 Bf5 19. b4 Rf7 20. a4 a5 21. bxa5
Ba7 22. Rab1 Rxb1 23. Rxb1 g5 24. fxg5 Bc8 25. a6 d4 26. Bxd4 Qxg5 27. Nxe4
Qxe5 28. Bxa7 Qxe4 29. Re1 Qd5 30. Bc5 1-0

[Event "Mechanics' Fall TNM; G/2"]
[Site "San Francisco"]
[Date "2015.12.15"]
[Round "9.7"]
[White "Ortega, Bill"]
[Black "Newey, Richard H"]
[Result "1-0"]
[WhiteElo "2077"]
[BlackElo "1855"]
[PlyCount "73"]
[EventDate "2015.??.??"]

1. e4 c5 2. Nc3 g6 3. f4 d6 4. Nf3 Nc6 5. Bb5 a6 6. Bxc6+ bxc6 7. d3 Bg7 8. O-O
Qc7 9. h3 e6 10. Na4 a5 11. c4 Ne7 12. Rb1 O-O 13. b3 Rd8 14. Qe1 Qa7 15. Bb2
e5 16. Qh4 f6 17. g4 Be6 18. Rbd1 Kh8 19. g5 Ng8 20. gxf6 Bxf6 21. Ng5 Bxg5 22.
Qxg5 Qe7 23. Qxe7 Nxe7 24. fxe5 d5 25. Nxc5 Bxh3 26. Rf7 Ra7 27. Kh2 Bg4 28.
Rg1 Kg8 29. e6 Be2 30. Rg2 Bxd3 31. Rg7+ Kf8 32. Rf2+ Ke8 33. Rxh7 Nc8 34. Rh8+
Ke7 35. Bf6+ Kd6 36. Rxd8+ Kc7 37. Nxd3 1-0

[Event "Mechanics' Fall TNM; G/2"]
[Site "San Francisco"]
[Date "2015.11.17"]
[Round "5.5"]
[White "Ortega, Bill"]
[Black "Tracy, Joseph J"]
[Result "1-0"]
[WhiteElo "2077"]
[BlackElo "2196"]
[Annotator "Donaldson"]
[PlyCount "47"]
[EventDate "2015.??.??"]

1. e4 e6 2. Nf3 c5 3. c3 Nf6 4. e5 Nd5 5. c4 Ne7 6. b4 b6 7. b5 Bb7 8. Be2 d6
9. O-O Nd7 10. exd6 Nf5 11. d4 Bxd6 12. d5 exd5 13. Bd3 Ne7 14. Ng5 Nf6 15.
cxd5 O-O 16. Nc3 Nexd5 17. Nxd5 Bxd5 18. Bb2 h6 19. f4 hxg5 20. fxg5 Ne4 21.
Bf6 Nxf6 22. gxf6 Be5 $4 (22... g6 23. Qd2 (23. Qg4 Qc7 $19) 23... Be5 $19) 23.
Qh5 {Diagram #} Bd4+ $4 (23... Be4 $1 24. Bxe4 Qd4+ 25. Kh1 Qxe4 26. Rae1 Qxe1
27. Rxe1 Bxf6 {and Black has excellent compensation for the queen.}) 24. Kh1
1-0

[Event "Mechanics' Winter TNM; 30/90, SD/30"]
[Site "San Francisco"]
[Date "2015.01.06"]
[Round "1.34"]
[White "Otterbach, Renate"]
[Black "Bekhtur, Bayaraa"]
[Result "0-1"]
[WhiteElo "1076"]
[BlackElo "1731"]
[PlyCount "56"]
[EventDate "2015.??.??"]

1. d4 Nf6 2. Nf3 g6 3. Bf4 Bg7 4. e3 O-O 5. Bd3 d6 6. h3 Nbd7 7. Qd2 e5 8. dxe5
Nh5 9. Bg5 Qe8 10. Nc3 Nxe5 11. Nxe5 Qxe5 12. e4 Qa5 13. Nd5 Qxd2+ 14. Bxd2 c6
15. Ne7+ Kh8 16. Nxc8 Raxc8 17. c3 f5 18. f3 Rce8 19. O-O-O fxe4 20. fxe4 Rf2
21. Be3 Rxg2 22. Bxa7 Ra8 23. Rd2 Bh6 24. Bd4+ Ng7 25. Rhd1 Bxd2+ 26. Rxd2 Rxa2
27. Kb1 Rxd2 28. Kxa2 Rxd3 0-1

[Event "Mechanics' Fall TNM; G/2"]
[Site "San Francisco"]
[Date "2015.10.20"]
[Round "1.28"]
[White "Otterbach, Renate"]
[Black "Delaney, Will Fred"]
[Result "0-1"]
[WhiteElo "1101"]
[BlackElo "1800"]
[PlyCount "40"]
[EventDate "2015.??.??"]

1. d4 Nf6 2. Nf3 d5 3. Bf4 c6 4. e3 Qb6 5. Qc1 Bf5 6. c4 Nbd7 7. Be2 e6 8. c5
Qa5+ 9. Nbd2 h6 10. O-O Nh5 11. Bd6 Bxd6 12. cxd6 Nhf6 13. Ne5 Ne4 14. Nb3 Qb4
15. Nc5 Nexc5 16. dxc5 Nxe5 17. a3 Qh4 18. g3 Qh3 19. Rd1 Be4 20. f3 {
Diagram [#]} Ng4 $1 0-1

[Event "Mechanics' Fall TNM; G/2"]
[Site "San Francisco"]
[Date "2015.12.08"]
[Round "8.38"]
[White "Otterbach, Renate"]
[Black "Donaldson, Kyle Ga"]
[Result "0-1"]
[WhiteElo "1486"]
[BlackElo "1101"]
[PlyCount "38"]
[EventDate "2015.??.??"]

1. d4 d5 2. e3 Nc6 3. c3 e5 4. Bd3 Nf6 5. Nd2 Be7 6. e4 exd4 7. cxd4 Nxd4 8.
Ne2 Bg4 9. f3 dxe4 10. Nxe4 Nxf3+ 11. gxf3 Bxf3 12. Rg1 Bxe4 13. Bc4 Qxd1+ 14.
Kxd1 O-O-O+ 15. Ke1 Bb4+ 16. Nc3 Rd7 17. Rxg7 Re8 18. Kf2 Bc5+ 19. Kg3 Nh5+ 0-1

[Event "Mechanics' Summer TNM; G/2"]
[Site "San Francisco"]
[Date "2015.07.14"]
[Round "8.38"]
[White "Otterbach, Renate"]
[Black "Erdenebileg, Enkhjin"]
[Result "1-0"]
[WhiteElo "1148"]
[BlackElo "395"]
[PlyCount "51"]
[EventDate "2015.??.??"]

1. d4 d5 2. Bf4 Bf5 3. e3 a6 4. Nf3 e6 5. Nbd2 Bd6 6. c4 Bxf4 7. exf4 Qe7 8.
Be2 Nc6 9. O-O Qf6 10. Nb3 Qg6 11. Nh4 Qh6 12. Nxf5 exf5 13. Qd2 Nf6 14. Bd3
Ne7 15. Rfe1 Ne4 16. Qe3 O-O 17. f3 Qe6 18. fxe4 dxe4 19. Bf1 b6 20. Rad1 Qh6
21. g3 Rad8 22. a4 Rd6 23. Rc1 Qh5 24. Qe2 Rh6 25. Qxh5 Rxh5 26. c5 1-0

[Event "Mechanics' Fall TNM; G/2"]
[Site "San Francisco"]
[Date "2015.11.10"]
[Round "4.41"]
[White "Otterbach, Renate"]
[Black "Erdenebileg, Erkhe"]
[Result "1/2-1/2"]
[WhiteElo "1101"]
[BlackElo "1125"]
[PlyCount "134"]
[EventDate "2015.??.??"]

1. d4 d5 2. Nf3 Nf6 3. e3 e6 4. Bd3 c6 5. Nbd2 Nbd7 6. Ne5 Bd6 7. f4 h6 8. O-O
O-O 9. Qf3 Bc7 10. Qh3 Nxe5 11. fxe5 Nd7 12. Rf3 Kh8 13. Rg3 Qe7 14. Nf3 f6 15.
Nh4 Qf7 16. Bg6 Qe7 17. Bh5 Qd8 18. Bg4 fxe5 19. Ng6+ Kh7 20. Bxe6 exd4 21.
Nxf8+ Nxf8 22. Bf5+ Bxf5 23. Qxf5+ Kh8 24. Rh3 Qe7 25. Bd2 Bb6 26. Re1 Re8 27.
Qf4 Nd7 28. Kf1 Rf8 29. exd4 Rxf4+ 30. Bxf4 Qe4 31. Rxe4 dxe4 32. Be3 Nf6 33.
Rg3 Nd5 34. c3 Bc7 35. Rg6 Nxe3+ 36. Ke2 Nf5 37. g4 Nh4 38. Re6 Bxh2 39. Rxe4
Ng6 40. c4 Kg8 41. a4 a6 42. Kf3 Kf7 43. d5 cxd5 44. cxd5 Ne7 45. Rb4 Nxd5 46.
Rxb7+ Nc7 47. Kg2 Bd6 48. Kf3 Ke6 49. Ke4 Kd7 50. Kf5 Kc6 51. Rb3 Nd5 52. Kg6
Nf6 53. Kxg7 Nxg4 54. Rf3 Be5+ 55. Kg6 Bxb2 56. Rb3 Be5 57. Kf5 h5 58. Rh3 Bc7
59. Rxh5 Ne3+ 60. Ke4 Nc4 61. Rh6+ Nd6+ 62. Kd3 Kc5 63. Rh5+ Kb4 64. Rh4+ Kb3
65. Rh7 Ba5 66. Ra7 Kxa4 67. Rxa6 Nb5 1/2-1/2

[Event "Mechanics' Summer TNM; G/2"]
[Site "San Francisco"]
[Date "2015.06.30"]
[Round "6.40"]
[White "Otterbach, Renate"]
[Black "Erdenibileg, Erkhe"]
[Result "1-0"]
[WhiteElo "1148"]
[BlackElo "844"]
[Annotator "Donaldson"]
[PlyCount "73"]
[EventDate "2015.??.??"]

1. d4 d5 2. Bf4 Nc6 3. e3 Bf5 4. Nf3 e6 5. c3 Nf6 6. h3 Bd6 7. Nbd2 Bxf4 8.
exf4 Ne4 9. Nh4 $2 Nxd2 $2 10. Nxf5 exf5 11. Qxd2 Qe7+ 12. Be2 O-O 13. O-O-O
Rfe8 14. Bd3 Qe6 15. g4 Ne7 16. Rde1 Qd7 17. f3 b6 18. Rhg1 g6 19. h4 fxg4 20.
Rxg4 c5 21. h5 cxd4 22. Kb1 dxc3 23. Qxc3 Qc8 24. Qd2 Nf5 25. Rc1 Qe6 26. Bxf5
Qxf5+ 27. Ka1 Qxh5 28. Qg2 Qf5 29. a3 Rac8 30. Rh1 Rc2 31. Qh3 Rxb2 $4 32.
Qxh7+ Kf8 33. Qh8+ Ke7 34. Re1+ $2 (34. Qxb2 $18) 34... Kd6 35. Qxe8 {Diagram #
} Qc2 $4 (35... Ra2+ $11) 36. Qd8+ Kc5 37. Qc8+ 1-0

[Event "Mechanics' Winter TNM; 30/90, SD/30"]
[Site "San Francisco"]
[Date "2015.01.20"]
[Round "3.40"]
[White "Otterbach, Renate"]
[Black "Furukawa, Jon"]
[Result "1-0"]
[WhiteElo "1076"]
[BlackElo "1627"]
[Annotator "Donaldson"]
[PlyCount "87"]
[EventDate "2015.??.??"]

1. d4 d5 2. Nf3 Nf6 3. e3 e6 4. Bd3 c5 5. c3 Nc6 6. Nbd2 Bd6 7. O-O c4 $2 8.
Bc2 O-O 9. e4 dxe4 10. Nxe4 Nxe4 11. Bxe4 h6 12. b3 cxb3 13. axb3 Ne7 14. Ne1
$2 (14. Re1) 14... Qc7 15. f4 Qxc3 16. Ra2 Nd5 17. Rf3 Qc7 18. Raf2 f5 19. Bxd5
exd5 20. Nd3 Be6 21. Rg3 Bf7 22. Qe1 Bh5 23. Ne5 Rac8 24. Bb2 Bxe5 25. dxe5
Rfe8 26. e6 g6 27. Rc3 Qd6 28. Re3 d4 29. Re5 d3 30. Qe3 Rc2 31. Rxc2 dxc2 32.
Qc3 Qd1+ 33. Re1 Qxe1+ 34. Qxe1 Rc8 35. Bc1 g5 36. e7 Kf7 37. fxg5 hxg5 38. Qb4
Rc7 39. Qd2 Rxe7 40. Qxc2 Re1+ 41. Kf2 Re2+ 42. Qxe2 Bxe2 43. Kxe2 Ke6 44. Bxg5
1-0

[Event "Mechanics' Leighton Allen TNM; G/2"]
[Site "San Francisco"]
[Date "2015.08.04"]
[Round "1.26"]
[White "Otterbach, Renate"]
[Black "Gomez, David Flores"]
[Result "0-1"]
[WhiteElo "1063"]
[BlackElo "1844"]
[Annotator "Donaldson"]
[PlyCount "80"]
[EventDate "2015.??.??"]

1. d4 Nf6 2. Bf4 g6 3. Nf3 Bg7 4. e3 O-O 5. Bd3 d5 6. h3 c5 7. c3 Nc6 8. Nbd2
Qb6 9. Rb1 Nd7 10. O-O e5 11. Nxe5 Ndxe5 12. dxe5 Nxe5 13. Bc2 Re8 14. Nf3
Nxf3+ 15. Qxf3 Be6 16. Ba4 Red8 17. Qg3 Qa5 18. Bc2 Qxa2 19. Be5 Bxe5 20. Qxe5
Qc4 21. b3 Qh4 22. Kh2 Re8 23. Qg3 Qf6 24. e4 d4 25. c4 Rad8 26. Bd3 a6 27. e5
Qe7 28. f4 Qd7 $4 (28... Kh8) 29. f5 $1 Bd5 30. cxd5 Qxd5 {Diagram #} 31. f6 $4
(31. fxg6 hxg6 32. Bxg6 $1 fxg6 33. Qxg6+ Kh8 34. Rf7 $18) 31... Qxe5 32. Rf3
Rd6 33. Rbf1 b5 34. Kg1 Qxg3 35. Rxg3 Kf8 36. Rg5 Rc6 37. Rg4 Re3 38. Be4 Re6
39. Bd5 Rd6 40. Bb7 Rxb3 {and Black went on to win.} 0-1

[Event "Mechanics' Spring TNM; G/2"]
[Site "San Francisco"]
[Date "2015.05.05"]
[Round "8.24"]
[White "Otterbach, Renate"]
[Black "Lamstein, Joshua"]
[Result "0-1"]
[WhiteElo "997"]
[BlackElo "1413"]
[PlyCount "36"]
[EventDate "2015.??.??"]

1. Nf3 d5 2. d4 c5 3. c3 Nc6 4. Bf4 Nf6 5. h3 Bf5 6. e3 c4 7. Nbd2 e6 8. b3 b5
9. Be2 Ba3 10. b4 Bb2 11. Rb1 Bxb1 12. Qxb1 Bxc3 13. Qc2 Bxb4 14. O-O O-O 15.
Re1 Re8 16. Ne5 Nxe5 17. Bxe5 Ne4 18. Rb1 Bxd2 0-1

[Event "Mechanics' Leighton Allen TNM; G/2"]
[Site "San Francisco"]
[Date "2015.08.18"]
[Round "3.34"]
[White "Otterbach, Renate"]
[Black "Liang, Ting"]
[Result "0-1"]
[WhiteElo "1063"]
[BlackElo "1430"]
[PlyCount "36"]
[EventDate "2015.??.??"]

1. d4 g6 2. Bf4 Bg7 3. c3 d6 4. e4 Nd7 5. Bc4 e5 6. Be3 c5 7. dxe5 dxe5 8. Nf3
Ngf6 9. Qd2 O-O 10. O-O Nxe4 11. Qd3 Nef6 12. Nbd2 Qc7 13. Ne4 Rd8 14. Rad1
Nxe4 15. Qxe4 Nb6 16. Bb3 c4 17. Bc2 Bf5 18. Qh4 Bxc2 {and Black soon won.} 0-1

[Event "Mechanics' Winter TNM; 30/90, SD/30"]
[Site "San Francisco"]
[Date "2015.02.17"]
[Round "7.48"]
[White "Otterbach, Renate"]
[Black "Manivannan, Sanjayan"]
[Result "0-1"]
[WhiteElo "1076"]
[BlackElo "1554"]
[PlyCount "64"]
[EventDate "2015.??.??"]

1. Nf3 c5 2. c4 e6 3. e4 Nc6 4. b3 Nf6 5. Nc3 Qc7 6. Bb2 a6 7. a4 Be7 8. Be2 b6
9. O-O Bb7 10. d3 O-O 11. Qd2 Nd4 12. Bd1 Ng4 13. g3 Nxf3+ 14. Bxf3 Ne5 15. Bg2
f5 16. Ne2 fxe4 17. dxe4 Nf3+ 18. Bxf3 Rxf3 19. Nc3 Bf6 20. Rae1 Bd4 21. Nd1
Rxb3 22. Bxd4 cxd4 23. Qxd4 e5 24. Qa1 Qxc4 25. Qxe5 Qxa4 26. f3 Qb5 27. Qf4
Rf8 28. Qd2 Rbxf3 29. Rxf3 Rxf3 30. Ne3 Bxe4 31. Qa2+ d5 32. h3 Qd3 0-1

[Event "Mechanics' Winter TNM; 30/90, SD/30"]
[Site "San Francisco"]
[Date "2015.02.03"]
[Round "5.46"]
[White "Otterbach, Renate"]
[Black "Nachiappan, Nagappan"]
[Result "0-1"]
[WhiteElo "1076"]
[BlackElo "1529"]
[PlyCount "60"]
[EventDate "2015.??.??"]

1. d4 d5 2. Nf3 g6 3. Bf4 Bg7 4. e3 Nf6 5. Bd3 O-O 6. Nbd2 Nc6 7. c3 Nh5 8. Be5
f6 9. Bf4 e5 10. dxe5 fxe5 11. Bg5 Qd6 12. e4 Nf4 13. Bxf4 exf4 14. O-O Bg4 15.
Qc2 Rad8 16. c4 Nb4 17. Qb3 Nxd3 18. Qxd3 dxc4 19. Qxc4+ Be6 20. Qc2 b5 21.
Rfe1 Rfe8 22. e5 Qb6 23. Ne4 Bf5 24. Qc1 Bh6 25. Nh4 Bc8 26. Qc2 Rd5 27. Nxg6
Qxg6 28. Qe2 Bg7 29. Qf3 Rdxe5 30. Rad1 Bg4 0-1

[Event "Mechanics' Leighton Allen TNM; G/2"]
[Site "San Francisco"]
[Date "2015.09.01"]
[Round "5.39"]
[White "Otterbach, Renate"]
[Black "Nergui, Myagmar"]
[Result "0-1"]
[WhiteElo "1063"]
[BlackElo "1236"]
[Annotator "Donaldson"]
[PlyCount "90"]
[EventDate "2015.??.??"]

1. d4 Nf6 2. Nf3 g6 3. Bf4 Bg7 4. Nbd2 d5 5. e3 Nc6 6. c3 Bg4 7. Qb3 b6 8. Bb5
Bd7 9. Ne5 Na5 10. Bxd7+ Nxd7 11. Qxd5 Bxe5 12. dxe5 e6 13. Qf3 O-O 14. O-O f6
15. Qh3 f5 16. Nf3 Qe7 17. Rad1 Nc4 18. Nd4 $2 (18. b3 $18) 18... Nxb2 19. Nc6
Qf7 20. Rd4 $1 a5 21. Rb1 Nd3 $2 22. Rxd3 Nc5 23. Rd4 Qe8 24. Bh6 (24. Qf3 Ne4
25. Rxe4 fxe4 26. Qxe4) 24... Qxc6 25. Bxf8 Rxf8 26. Rbd1 Kg7 27. Rh4 h5 28.
Rhd4 Rf7 29. Qh4 Ne4 30. Qd8 Nxc3 31. R1d2 (31. Rd7 $1) 31... Nd5 32. Qg5 Qc1+
33. Rd1 Qc2 34. R4d2 Qc3 35. Rd3 Qxe5 36. Rf1 a4 37. e4 Qxe4 38. Rg3 Rf6 39.
Rh3 Nf4 40. Re3 Qc4 41. a3 b5 42. Qg3 c5 43. Qf3 b4 44. axb4 cxb4 45. Rd1 Nd5
0-1

[Event "Mechanics' Spring TNM; G/2"]
[Site "San Francisco"]
[Date "2015.04.14"]
[Round "5.40"]
[White "Otterbach, Renate"]
[Black "Standen, Julian"]
[Result "0-1"]
[WhiteElo "997"]
[BlackElo "1626"]
[PlyCount "44"]
[EventDate "2015.??.??"]

1. Nf3 d5 2. d4 Nf6 3. Bf4 e6 4. h3 Bd6 5. Ne5 c5 6. c3 O-O 7. e3 Nc6 8. Bd3
Bxe5 9. dxe5 Nd7 10. Qc2 g6 11. O-O Ndxe5 12. Be2 f6 13. Nd2 Qe7 14. Nf3 Nxf3+
15. Bxf3 Rd8 16. Be2 e5 17. Bh2 Be6 18. e4 Rd7 19. f4 f5 20. Rf3 dxe4 21. Rg3
Qh4 22. Rxg6+ hxg6 {unreadable! People, learn to keep score!!} 0-1

[Event "Mechanics' Leighton Allen TNM; G/2"]
[Site "San Francisco"]
[Date "2015.09.22"]
[Round "8.36"]
[White "Otterbach, Renate"]
[Black "Tergelsar, Enkh"]
[Result "1-0"]
[WhiteElo "1063"]
[BlackElo "547"]
[PlyCount "21"]
[EventDate "2015.??.??"]

1. d4 Nf6 2. Nf3 d5 3. h3 Nc6 4. Bf4 e6 5. e3 a6 6. c3 Bd6 7. Ne5 Bd7 8. Bd3
Ng8 9. Nd2 f6 10. Qh5+ Ke7 11. Qf7# 1-0

[Event "Mechanics' Summer TNM; G/2"]
[Site "San Francisco"]
[Date "2015.06.16"]
[Round "4.13"]
[White "Padmanabhan, Akshay"]
[Black "Bertot, German"]
[Result "1-0"]
[WhiteElo "1913"]
[BlackElo "1628"]
[PlyCount "67"]
[EventDate "2015.??.??"]

1. d4 Nf6 2. c4 e6 3. Nc3 d5 4. Nf3 Nbd7 5. Bf4 c6 6. e3 Qa5 7. Nd2 Bb4 8. Qc2
O-O 9. Bd3 h6 10. O-O Qd8 11. a3 dxc4 12. Nxc4 Be7 13. b4 Nd5 14. Bg3 b6 15.
Rfd1 Bb7 16. Ne4 Ba6 17. Rac1 N7f6 18. Ne5 Bxd3 19. Qxd3 Nxe4 20. Nxc6 Nxf2 21.
Kxf2 Qe8 22. e4 Bg5 23. exd5 Bxc1 24. Rxc1 exd5 25. Bd6 Qe6 26. Bxf8 Kxf8 27.
Qh7 f6 28. Qh8+ Qg8 29. Qxg8+ Kxg8 30. Ne7+ Kf7 31. Rc8 Rxc8 32. Nxc8 Ke8 33.
Nxa7 Kd7 34. Nb5 1-0

[Event "Mechanics' Summer TNM; G/2"]
[Site "San Francisco"]
[Date "2015.06.16"]
[Round "4.9"]
[White "Padmanabhan, Karthik"]
[Black "Raza, Aezed"]
[Result "1/2-1/2"]
[WhiteElo "2059"]
[BlackElo "1697"]
[Annotator "Donaldson"]
[PlyCount "76"]
[EventDate "2015.??.??"]

1. e4 c5 2. d4 cxd4 3. c3 dxc3 4. Nxc3 d6 5. Nf3 Nc6 6. Bc4 e6 7. O-O Be7 8.
Qe2 a6 9. Rd1 Qc7 10. Bf4 Na5 $2 11. Bd3 Nf6 12. Rac1 (12. e5 $1) 12... Qb8 {
Diagram #} 13. b4 $2 (13. e5 $1 dxe5 14. Nxe5 Qa7 15. Ne4 O-O 16. Nxf6+ Bxf6
17. Rc7 {and Black is paralyzed.}) 13... Nc6 14. b5 axb5 15. Nxb5 e5 16. Be3
Be6 17. Bb1 Nd7 $6 (17... O-O) 18. Qd2 f6 19. Rc2 O-O 20. Nxd6 Rd8 21. Nf5 Bb4
22. Qe2 Ra5 23. Bd2 Nc5 24. Ne7+ Kf7 25. Nxc6 bxc6 26. Rb2 Rb5 27. a4 Nxa4 28.
Rxb4 Rxb4 29. Bxb4 Rxd1+ 30. Qxd1 Qxb4 31. Bc2 Nc5 32. Qe2 Qc3 33. h3 Nb3 34.
Bxb3 Qxb3 35. Qa6 Qb5 36. Qa7+ Kg6 37. Qe7 Qc4 38. h4 h5 1/2-1/2